000 00575cab a22001815a 4500
001 L151243
008 101011e2010 xxk 000 0 eng d
035 _a(Sirsi) u151243
041 0 _aeng
245 0 0 _aRenting vs buying
260 _c2010
490 _aThe Letting Update Journal
_v18(2) July 2010, 23-25(3)
520 _aPros and cons of private sector renting verses owner-occupation. Outlines purchase and selling costs and buying and renting. Tables.
590 _aKA
651 4 _aEngland and Wales
_y1543-
690 _aResidential property
_96266
942 _n0
999 _c82740
_d82740